CHICKENS (Record no. 4130)
[ view plain ]
| 000 -LEADER | |
|---|---|
| fixed length control field | 00278nam a22001097a 4500 |
| 008 - FIXED-LENGTH DATA ELEMENTS--GENERAL INFORMATION | |
| fixed length control field | 250121b ||||| |||| 00| 0 eng d |
| 020 ## - INTERNATIONAL STANDARD BOOK NUMBER | |
| International Standard Book Number | 9781628323917 |
| 082 ## - DEWEY DECIMAL CLASSIFICATION NUMBER | |
| Classification number | 599 RIG |
| 100 ## - MAIN ENTRY--PERSONAL NAME | |
| Personal name | KATE RIGGS |
| Relator term | RIGGS,KATE |
| 245 ## - TITLE STATEMENT | |
| Title | CHICKENS |
| 942 ## - ADDED ENTRY ELEMENTS (KOHA) | |
| Source of classification or shelving scheme | |
| Classification part | 599 RIG |
| Withdrawn status | Lost status | Source of classification or shelving scheme | Damaged status | Not for loan | Permanent Location | Current Location | Date acquired | Full call number | Barcode | Date last seen | Price effective from |
|---|---|---|---|---|---|---|---|---|---|---|---|
| KH8 Primary School Library | KH8 Primary School Library | 2025-01-21 | 599 RIG | 3KHPL000002541 | 2025-12-05 | 2025-01-21 |